000 00730nam a22002417a 4500
003 BCEG
005 20260413114945.0
008 260413s2021 sp|||||| |||| 00| 0 spa d
020 _a9788496669826
040 _aBCEG
_bspa
_cBCEG
082 0 4 _a720.9
_bC885c
100 1 _aCragoe, Carol Davidson.
245 1 _aCómo leer edificios
_b: un curso rápido sobre los estilos arquitectónicos.
260 _aMadrid :
_bAkal,
_c2021.
300 _a256 p.
_b: il.
500 _aIncluye glosario e índice.
534 _pTítulo original :
_tHow to read buildings.
541 _aCompra.
650 1 4 _aArquitectura
_xHistoria y crítica.
650 1 4 _aMonumentos históricos
_vManuales.
700 1 _aNeal, James,
_eil.
942 _cBK
999 _c437182
_d437182